Teória a politika kapitálovej štruktúry podnikateľských subjektov

Salvato in:
Dettagli Bibliografici
Autore principale: Sivák, Rudolf, 1955-
Altri autori: Mikócziová, Jana, Majcher, Milan, Ochotnický, Pavol
Natura: Libro
Lingua:slovacco
Pubblicazione: Bratislava Sprint dva 2009
Edizione:2. rozšír., aktual. a dopl. vyd.
Soggetti:
Tags: Aggiungi Tag
Nessun Tag, puoi essere il primo ad aggiungerne!!

MARC

LEADER 00000nam$a2200000$$$4500
001 0095920
005 20240502072050.8
020 |a 978-80-89393-06-0 
041 0 |a slo 
044 |a SK 
245 1 0 |a Teória a politika kapitálovej štruktúry podnikateľských subjektov  |c Rudolf Sivák, Jana Mikócziová ; recenzovali: Milan Majcher, Pavol Ochotnický 
250 |a 2. rozšír., aktual. a dopl. vyd. 
264 1 |a Bratislava  |b Sprint dva  |c 2009 
300 |a 302 s. 
500 |a Monografia je zároveň habilitačnou prácou 
610 2 0 |a štruktúra kapitálová 
610 2 0 |a podnikatelia 
610 2 0 |a stabilita finančná 
610 2 0 |a náklady 
610 2 0 |a kapitál podnikový 
610 2 0 |a riziko finančné 
610 2 0 |a politika dividendová 
610 2 0 |a hodnota podniku 
610 2 0 |a ohodnocovanie podniku 
610 2 0 |a procesy podnikové 
610 2 0 |a fúzie 
610 2 0 |a zrušenie podniku 
100 1 |a Sivák, Rudolf, 1955- 
700 1 |a Mikócziová, Jana 
700 1 |a Majcher, Milan 
700 1 |a Ochotnický, Pavol